00874nam a2200169Ia 4500001000700000008004100007020001800048082001400066245018700080260002800267300001100295500015100306503001400457504004300471650006300514700012700577Z_6021220601s9999 xx 000 0 und d a950-555-275-0 a574.5 M33 aEcología, manejo y conservación de los ecosistemas de montaña en México / editores Lázaro Rafael Sánchez-Velásquez, Jorge Galindo González, Francisco Díaz-Fleischer aEspaña : Mundi-Prensa a393 p. aEdición original publicada por: Comisión Nacional para el Conocimiento y Uso de la Biodiversidad; Universidad Veracruzana"--reverso de portada aej.1: C/E aIncluye bibliografía por capítulos a1. Ecología forestal - México 2. Montañas - México aI. Sánchez-Velásquez, Lázaro Rafael, ed. II. Galindo González, Jorge, ed. III. Díaz-Fleischer, Francisco, ed.Ì